Operation Research Simulation and replacement theory (Record no. 481)

000 -LEADER
fixed length control field 00316 a2200109 4500
020 ## - INTERNATIONAL STANDARD BOOK NUMBER
International Standard Book Number 8183560938
082 ## - DEWEY DECIMAL CLASSIFICATION NUMBER
Classification number 510.7 SHA
100 ## - MAIN ENTRY--PERSONAL NAME
Personal name Sharma, S. C.
245 ## - TITLE STATEMENT
Title Operation Research Simulation and replacement theory
Statement of responsibility, etc. S. C Sharma
260 ## - PUBLICATION, DISTRIBUTION, ETC.
Place of publication, distribution, etc. New Delhi :
Name of publisher, distributor, etc. Discovery Publishing House ,
Date of publication, distribution, etc. 2006.
300 ## - PHYSICAL DESCRIPTION
Extent 287p. :
Dimensions 23 cm.
650 ## - SUBJECT ADDED ENTRY--TOPICAL TERM
Topical term or geographic name entry element mathimatics
Holdings
Withdrawn status Lost status Damaged status Not for loan Permanent Location Current Location Shelving location Date acquired Total Checkouts Full call number Barcode Date last seen Price effective from Koha item type
        School of Civil and Environmental Engineering (SCEE) School of Civil and Environmental Engineering (SCEE)       510.7 SHA NIT-3670 01/05/2017 01/05/2017 Book
© 2023 Central Library, National University of Sciences and Technology. All Rights Reserved.